'80s TV by Child Characters Quiz Stats

 Plays Quiz Updated Nov 9, 2017

Challenge
Share
Tweet
Embed
Score 0/16 Timer 04:00
5 Plays Today
% Correct
Diff'rent Strokes
89.9%
Family Ties
86.4%
Just the Ten of Us
77.5%
Growing Pains
75.7%
Silver Spoons
74.9%
Webster
70.9%
Who's the Boss?
69.9%
My Two Dads
57.8%
% Correct
Mr. Belvedere
44.7%
ALF
43.6%
Valerie|The Hogan Family
38.3%
Kate & Allie
36.4%
Gimme a Break!
34.2%
Charles in Charge
32%
227
30.1%
Small Wonder
28.9%

You're not logged in!

Compare scores with friends on all Sporcle quizzes.
OR
Log In

You Might Also Like...

Show Comments

Extras

Top Quizzes Today


Score Distribution

Your Account Isn't Verified!

In order to create a playlist on Sporcle, you need to verify the email address you used during registration. Go to your Sporcle Settings to finish the process.

Report this User

Report this user for behavior that violates our Community Guidelines.

Details: